00977nam a22002657a 450000500170000001000130001702000100003003500130004003700160005304000120006908200180008110000380009924500990013726000550023627000500029130000200034150000490036165000300041065000260044065000270046665000470049394200270054099900190056795201250058620170124110057.0 aB-089724 c00.00 aB-089724 bCen Lib/Ret aDPLbEN a954.0845bCHA aChatterji, Prashanto Kumar926771 aThe cripps mission 22 March -11 April 1942 :cby Prashanto Kumar Chatterjiban depth study / aCalcutta bMaulana Abul Kalam Azad Institutec2004 a567, Diamond Harbour Road bCalcutta e700034 a217p.c21cm(Hb) aIncludes bibliographical reference and index aPolitical science9105270 aIndian Parties926773 aModern Science9105271 a Modern Science-Electronic Product9105272 2ddccENh954.0845mCHA c129573d129573 00104070aLbLd2015-07-07eCen Lib/Retg0.00l0o954.0845 CHApB-089724r2015-07-07 00:00:00t1v0.00w2015-07-07yEN